Manual de psicología aplicada a la empresa : psicología de la organización /

Obra en dos volúmenes que orienta sobre cómo desarrollar un estilo de relaciones humanas en el trabajo, que permita solucionar con éxtio los conflictos y promueva la colaboración y el respeto.

Պահպանված է:
Մատենագիտական մանրամասներ
Հիմնական հեղինակ: Carbó Ponce, Esteve (autor)
Ձևաչափ: Գիրք
Լեզու:իսպաներեն
Հրապարակվել է: Barcelona, España : Granica, 1999, c1999
Շարք:(Management. Serie Alternativa)
Խորագրեր:
Ցուցիչներ: Ավելացրեք ցուցիչ
Չկան պիտակներ, Եղեք առաջինը, ով նշում է այս գրառումը!

MARC

LEADER 00000nam^a2200000^a^4500
001 000116750
005 20250521000000.0
009 20260310094139.858
020 |a 84-7577-765-1 
037 |a Acervo ITESO - Biblioteca 
041 |a ESP 
082 |a 158. 7  |b CAR V. 1 
100 |a Carbó Ponce, Esteve  |e (autor) 
245 1 0 |a Manual de psicología aplicada a la empresa :  |b psicología de la organización /  |c E. Carbó Ponce. 
264 4 |a Barcelona, España :  |b Granica,  |c 1999, c1999 
300 |a 278 p. 
336 |a texto  |b txt  |2 rdacontenido 
337 |a sin mediación  |b n  |2 rdamedio 
338 |a volumen  |b nc  |2 rdasoporte 
440 1 |a (Management.  |p Serie Alternativa) 
520 |a Obra en dos volúmenes que orienta sobre cómo desarrollar un estilo de relaciones humanas en el trabajo, que permita solucionar con éxtio los conflictos y promueva la colaboración y el respeto. 
649 |a XX 
650 |a Comunicación Personal 
650 |a Relaciones Laborales 
650 |a Psicología Laboral 
650 |a Recursos Humanos 
650 |a Ciencias Administrativas 
910 |a Fondo General 
920 |a Impresos - Libros 
930 |a Colección General 
905 |a 101 
901 |a 0500050148  |b IT1  |c ACC  |u 20250521 
902 |a https://opac.biblio.iteso.mx/vufind/Record/000116750